| 000 | 00634nam a2200205 a 4500 | ||
|---|---|---|---|
| 005 | 20220804081800.0 | ||
| 008 | 991125s2003 es 000 0 spa u | ||
| 020 | _a8477024278 | ||
| 035 | _aUPN01000035941 | ||
| 049 | _aCG | ||
| 050 | 4 |
_aPR4852 _bC6.5 |
|
| 100 | 1 |
_aKipling, Rudyard, _d1864-1936 _928832 |
|
| 245 | 1 | 4 |
_aLos constructores del puente y otros relatos / _cRudyard Kipling ; tr. Rafael Lassaletta. |
| 260 |
_aMadrid : _bValdemar, _c2003. |
||
| 300 | _a319 p. | ||
| 440 | 3 |
_aEl club diógenes ; _v195 |
|
| 534 |
_pTítulo original: _tThe bridge-builders |
||
| 650 | 0 |
_aLiteratura juvenil inglesa _912778 |
|
| 905 | _aLibro | ||
| 999 |
_c35941 _d35941 |
||